| 000 | 00896nam a22003370a 4500 | ||
|---|---|---|---|
| 001 | PT61696 | ||
| 003 | AR-LpoUNG | ||
| 005 | 20210131232042.0 | ||
| 008 | 191001s2005||||ag |||||||||||||||||spa d | ||
| 020 |
_a9500720353 _c$23,50 |
||
| 040 |
_aAR-LpoUNG _bspa _cAR-LpoUNG _eaacr |
||
| 041 | _aspa | ||
| 044 | _aag | ||
| 082 | 0 | _a982.065 478sil | |
| 100 | 1 | _aVerbitsky, Horacio | |
| 245 | 1 | 3 |
_aEl silencio : _bde Paulo VI a Bergoglio : las relaciones secretas de la Iglesia con la ESMA |
| 250 | _a1ra. ed. | ||
| 260 |
_aBuenos Aires : _bSudamericana, _c2005. |
||
| 300 |
_a253 p. : _bfot. |
||
| 650 | 4 | _aANALISIS HISTORICO | |
| 650 | 4 | _aARGENTINA | |
| 650 | 4 | _aASPECTOS POLITICOS | |
| 650 | 4 | _aDICTADURA | |
| 650 | 4 | _aGOBIERNO MILITAR | |
| 650 | 4 | _aHISTORIA | |
| 650 | 4 | _aHISTORIA POLITICA | |
| 650 | 4 | _aIGLESIA CATOLICA | |
| 653 | _aESMA | ||
| 905 | _a61696 | ||
| 942 | _cLIB | ||
| 999 |
_c13473 _d13473 |
||